Tchaikovski
Uloženo v:
| Hlavní autor: | |
|---|---|
| Médium: | Kniha |
| Jazyk: | francouzština |
| Vydáno: |
París
Hachette
1970
|
| Edice: | Classiques Hachette de la musique
|
| Témata: | |
| Tagy: |
Přidat tag
Žádné tagy, Buďte první, kdo vytvoří štítek k tomuto záznamu!
|
MARC
| LEADER | 00000nam a2200000 a 4500 | ||
|---|---|---|---|
| 001 | UCW2329 | ||
| 003 | CL-VaPUC | ||
| 005 | 20231106093721.0 | ||
| 008 | 890424e19700000FR |||||||||||||||||fre|d | ||
| 999 | |c 216887 |d 216885 | ||
| 040 | |c Pontificia Universidad Católica de Valparaíso | ||
| 082 | 0 | 4 | |a 780.92 JUR 1970 |2 21 |
| 100 | |a Juramie, Ghislaine |e author |9 456854 | ||
| 245 | 1 | 0 | |a Tchaikovski |
| 260 | |a París |b Hachette |c 1970 | ||
| 300 | |a 94 p | ||
| 490 | 0 | |a Classiques Hachette de la musique | |
| 583 | |a last modification |c 19890424 00:00:00 |k Rodrigo Vera | ||
| 600 | 0 | |a Tchaikovsky, Peter Ilich |2 CL-VaPUC |9 306347 |d 1840-1893 | |
| 650 | 0 | |9 306753 |a Romanticismo en la música | |
| 650 | 0 | |9 456891 |a Músicos rusos | |
| 650 | 0 | |9 329355 |a Compositores rusos | |
| 942 | |c BK |2 ddc | ||
| 945 | |d 19890424 00:00:00 | ||
| 952 | |0 0 |1 0 |4 0 |6 780_920000000000000_JUR_1970 |7 0 |8 A |9 203282 |a BIBEDU |b BIBEDU |d 2019-11-15 |i 270532K |o 780.92 JUR 1970 |p 270532K |r 2023-01-12 |w 2019-11-15 |y BK |k MUS | ||